| 000 | 01148njm a22003017a 4500 | ||
|---|---|---|---|
| 005 | 20100914152621.0 | ||
| 007 | sd ammalaaahaa | ||
| 008 | 100913t xxu||||| |||| 00| 0 hin d | ||
| 028 |
_a2392574 _bEMI |
||
| 035 | _aGR-03523 | ||
| 040 | _aSED/VEN | ||
| 100 |
_aKishore Kumar _91184 |
||
| 245 |
_aGhungroo ki awaaz / _cby Kishore Kumar, Suresh Wadkar [and] Asha Bhosle; Music by R D Burman; Lyrics by Vijay Anand _h[sound recording] : |
||
| 246 | _aघुंघरू की आवाज़ / | ||
| 260 |
_aDum Dum India _bEMI _c1983 |
||
| 300 |
_a1 sound disc [Gramophone record] : _banalog, 33 1/3 rpm _c12.5 in. (LP) _fGramophone Record |
||
| 500 | _aBrief Record | ||
| 500 | _aRecord label :MusicIndia , White | ||
| 505 | _aSide-1 Tere ghungroo ki awaaz Side 2 Rote rote naina | ||
| 600 |
_aKishore Kumar _919992 |
||
| 650 |
_aHindi Film Song _xExcerpts _zIndia _919603 |
||
| 700 |
_919604 _aWadkar, Suresh |
||
| 700 |
_919605 _aBhosle, Asha |
||
| 700 |
_aBurman, R D _920724 |
||
| 700 |
_aAnand, Vijay _920725 |
||
| 942 |
_2ddc _cGR |
||
| 999 |
_c46828 _d46828 |
||